000 00498cam a2200169 i 4500
020 _a9780134730684 (hardcover)
020 _a0134730682
040 _cDLC
082 0 0 _a540 JEA 2019 A006 Or.
100 1 _aTimberlake, Karen C.,
245 1 0 _aGeneral, organic, and biological chemistry :
_bstructures of life /
250 _aSixth edition.
300 _a1 volume (various pagings) :
_billlustrations (some color) ;
_c29 cm
650 0 _aChemistry
700 1 _aOrgill, MaryKay,
942 _cAEDBB
999 _c20790
_d20790